000 00830nam a2200217Ia 4500
003 0
005 20250122134047.0
008 150126s9999 xx 000 0 und d
050 _aPHS LB 3609
_b.L365 2014
100 _aLaturner, Yvonne
245 _aRelationship of stress management and interpersonal skills of SISC grade 11 students /
_cYvonne Laturner.
260 _aLas PiƱas City, Philippines :
_bSouthville International School and Colleges,
_c2014.
300 _a39 pages :
_billustration ;
_c28 cm.
504 _aIncludes bibliographical references.
650 _aStress management in adolescence.
650 _aInterpersonal skills in youth.
650 _aHigh school students
_2Psychology.
650 _aStudent development
_2Psychological aspects.
650 _aAdolescence
_2Social aspects.
942 _2lcc
_cPASS
999 _c278721
_d278721